000 01571cam a2200361Ma 4500
999 _c5968
_d5968
001 ocn461269834
003 OCoLC
005 20200911224825.0
008 091026r20102005enk b 001 0 eng
015 _aGBA9A3967
_2bnb
020 _a9780521128896
_q(pbk.)
020 _a0521128897
_q(pbk.)
035 _a(OCoLC)461269834
040 _aUKM
_beng
_cTZ-ArACH
049 _aTZAA
050 4 _aKZ1256
_b.T36 2010
100 1 _aTams, Christian J.
245 1 0 _aEnforcing obligations erga omnes in international law /
_cChristian J. Tams.
260 _aCambridge :
_bCambridge University Press,
_c2010.
300 _axxxi, 386 pages ;
_c23 cm.
490 1 _aCambridge studies in international and comparative law
500 _aOriginally published: 2005.
504 _aIncludes bibliographical references (pages 339-377) and index.
520 8 _aThe concept of obligations erga omnes - obligations to the international community as a whole - has fascinated international lawyers for decades, yet its precise implications remain unclear. This book assesses how this concept affects the enforcement of international law.
650 0 _aInternational obligations.
650 0 _aInternational law
_xMoral and ethical aspects.
650 0 _aCustomary law, International.
650 7 _aCustomary law, International.
_2fast
650 7 _aInternational law
_xMoral and ethical aspects.
_2fast
650 7 _aInternational obligations.
_2fast
830 0 _aCambridge studies in international and comparative law (Cambridge, England : 1996)
_9706
942 _2lcc
_cBOOK